| 000 | 00458nam a22001457a 4500 | ||
|---|---|---|---|
| 082 | _a621 | ||
| 100 | _aZeb, Ayesha | ||
| 245 |
_aActive Noise Control of Impulsive Noise using Adaptive / _cAyesha Zeb |
||
| 260 |
_aIslamabad : _bCEME - NUST, _c2016. |
||
| 300 |
_a69 p. ; _c30cm. |
||
| 650 |
_aElectrical Engineering-MS-Thesis _916073 |
||
| 700 |
_aDr. Shahzad Amin Sheikh _918620 |
||
| 942 |
_2ddc _cTHE |
||
| 999 |
_c536498 _d536498 |
||